000 00342pam a2200157a 44500
008 230515b2009 xxu||||| |||| 00| 0 eng d
020 _aNULL
041 _aENGLISH
082 _a668.512/PYE
100 _aPYE R.G.W.
245 _aINJECTION MOLD DESIGN
250 _a1
260 _aNULL
_bN/A
_c2009
300 _a754 HB
650 _aNULL
999 _c654801
_d654801